000 007820000a22001210004500
100 1 _aAlvarez Fonseca, Fredy
245 1 0 _aEstado actual de la bancarización en Colombia
300 _ano.26 (2008), p.89-98
520 _aLa bancarización, entendida como el nivel de acceso del público a los servicios financieros, discurre como punto de atención entre las autoridades bancarias. Su medición periódica permite realizar un balance del grado de penetración, los agentes que motivan o desaceleran su comportamiento y las estrategias implementadas por el gobierno nacional y las instituciones financieras encaminadas a fortalecer el vínculo entre los ahorradores y el aparato financiero.
650 1 4 _aECONOMIA
773 0 _tRevista universidad católica de oriente
942 _cANA
999 _c62973
_d62973